| 000 | 01421nam a2200301 a 4500 | ||
|---|---|---|---|
| 001 | BRCA_2483 | ||
| 005 | 20190320203830.0 | ||
| 008 | 211108s1840----fr-#---###---#000-0dspa-u | ||
| 041 | _aspa | ||
| 044 | _asp | ||
| 084 |
_a123 _b.B39 _c1840 |
||
| 100 | 1 |
_aCervantes Saavedra, Miguel de _d1547-1616 _9213 |
|
| 245 | 1 | 0 |
_aEl Ingenioso Hidalgo Don Quijote de la Mancha _bcon la vida de Cervantes _ccompuesto por Miguel de Cervantes Saavedra. |
| 260 |
_aParís _bBaudry _c1840 |
||
| 300 |
_a679 p. _c23 cm. |
||
| 500 | _aContenido : Primera parte. Advertencia del editor. Retrato de Cervantes. Vida de Cervantes por Navarrete. Dedicatoria del autor. Prólogo del autor. Texto. Segunda parte. Dedicatoria del autor. Prólogo del autor. Texto | ||
| 500 | _aEdición similar al LO-122. Sigue el texto de la edición académica de 1819, y contiene la biografía del autor escrita por M. F. de Navarrete Lúdovik Osterc | ||
| 500 | _aEstado físico : La portada se encuentra mutilada | ||
| 500 | _aQMB12 | ||
| 650 | 1 | 4 |
_aNovela española _yÉpoca clásica, 1500-1700 _9215 |
| 650 | 1 | 4 |
_aLiteratura española _yÉpoca clásica, 1500-1700 _9216 |
| 650 | 1 | 4 |
_aNovela española _ySiglo XVII _9217 |
| 650 | 1 | 4 |
_aDon Quijote (Personaje ficticio) _eNovela _9218 |
| 700 | 1 |
_aFernández de Navarrete, Martín _d1765-1844 _eBiógrafo _97177 |
|
| 740 | 0 | _aEl Ingenioso Hidalgo Don Quijote de la Mancha | |
| 902 | _aQFM | ||
| 942 |
_2lcc _cB |
||
| 999 |
_c2224 _d2224 |
||